<?xml version="1.0" encoding="UTF-8"?><?xml-stylesheet type="text/xsl" href="static/style.xsl"?><OAI-PMH xmlns="http://www.openarchives.org/OAI/2.0/" xmlns:xsi="http://www.w3.org/2001/XMLSchema-instance" xsi:schemaLocation="http://www.openarchives.org/OAI/2.0/ http://www.openarchives.org/OAI/2.0/OAI-PMH.xsd"><responseDate>2026-04-26T18:29:12Z</responseDate><request verb="GetRecord" identifier="oai:uvadoc.uva.es:10324/65149" metadataPrefix="marc">https://uvadoc.uva.es/oai/request</request><GetRecord><record><header><identifier>oai:uvadoc.uva.es:10324/65149</identifier><datestamp>2025-09-24T06:57:32Z</datestamp><setSpec>com_10324_1173</setSpec><setSpec>com_10324_931</setSpec><setSpec>com_10324_894</setSpec><setSpec>col_10324_1371</setSpec></header><metadata><record xmlns="http://www.loc.gov/MARC21/slim" xmlns:doc="http://www.lyncode.com/xoai" xmlns:xsi="http://www.w3.org/2001/XMLSchema-instance" xmlns:dcterms="http://purl.org/dc/terms/" xsi:schemaLocation="http://www.loc.gov/MARC21/slim http://www.loc.gov/standards/marcxml/schema/MARC21slim.xsd">
<leader>00925njm 22002777a 4500</leader>
<datafield tag="042" ind1=" " ind2=" ">
<subfield code="a">dc</subfield>
</datafield>
<datafield tag="720" ind1=" " ind2=" ">
<subfield code="a">Cabrerizo Pastor, Ana</subfield>
<subfield code="e">author</subfield>
</datafield>
<datafield tag="720" ind1=" " ind2=" ">
<subfield code="a">Dachs, Jordi</subfield>
<subfield code="e">author</subfield>
</datafield>
<datafield tag="720" ind1=" " ind2=" ">
<subfield code="a">Moeckel, Claudia</subfield>
<subfield code="e">author</subfield>
</datafield>
<datafield tag="720" ind1=" " ind2=" ">
<subfield code="a">Ojeda, María-José</subfield>
<subfield code="e">author</subfield>
</datafield>
<datafield tag="720" ind1=" " ind2=" ">
<subfield code="a">Caballero, Gemma</subfield>
<subfield code="e">author</subfield>
</datafield>
<datafield tag="720" ind1=" " ind2=" ">
<subfield code="a">Barceló, Damià</subfield>
<subfield code="e">author</subfield>
</datafield>
<datafield tag="720" ind1=" " ind2=" ">
<subfield code="a">Jones, Kevin C.</subfield>
<subfield code="e">author</subfield>
</datafield>
<datafield tag="260" ind1=" " ind2=" ">
<subfield code="c">2011</subfield>
</datafield>
<datafield tag="520" ind1=" " ind2=" ">
<subfield code="a">Soils are a major reservoir of organic pollutants, and soil-air partitioning and exchange are key processes controlling the regional fate of pollutants. Here, we report and discuss the soil concentrations of polycyclic aromatic hydrocarbons (PAHs), their soil fugacities, the soil-air partition coefficients (KSA) and soil-air gradients for rural and semirural soils, in background areas of N-NE Spain and N-NW England. Different sampling campaigns were carried out to assess seasonal variability and differences between sampling sites. KSA values were dependent on soil temperature and soil organic quantity and type. Soil fugacities of phenanthrene and its alkyl homologues were 1-2 orders of magnitude higher than their ambient air fugacities for all sampling sites and periods. The soil to air fugacity ratio was correlated with soil temperature and soil redox potential. Similar trends for other PAHs were found but with lower fugacity ratios. The ubiquitous source of PAHs from background soils to the atmosphere found in all temperate regions in different seasons provides an indirect evidence of potential in situ generation of two to four ring PAHs and their alkyl homologues in the surface soil. We discuss this hypothetical biogenic source and other potential processes that could drive the high soil to air fugacity ratios of some PAHs.</subfield>
</datafield>
<datafield tag="024" ind2=" " ind1="8">
<subfield code="a">Environ. Sci. Technol. 2011, 45, 4740–4747</subfield>
</datafield>
<datafield tag="024" ind2=" " ind1="8">
<subfield code="a">0013-936X</subfield>
</datafield>
<datafield tag="024" ind2=" " ind1="8">
<subfield code="a">https://uvadoc.uva.es/handle/10324/65149</subfield>
</datafield>
<datafield tag="024" ind2=" " ind1="8">
<subfield code="a">10.1021/es104131f</subfield>
</datafield>
<datafield tag="024" ind2=" " ind1="8">
<subfield code="a">4740</subfield>
</datafield>
<datafield tag="024" ind2=" " ind1="8">
<subfield code="a">11</subfield>
</datafield>
<datafield tag="024" ind2=" " ind1="8">
<subfield code="a">4747</subfield>
</datafield>
<datafield tag="024" ind2=" " ind1="8">
<subfield code="a">Environmental Science &amp; Technology</subfield>
</datafield>
<datafield tag="024" ind2=" " ind1="8">
<subfield code="a">45</subfield>
</datafield>
<datafield tag="024" ind2=" " ind1="8">
<subfield code="a">1520-5851</subfield>
</datafield>
<datafield tag="245" ind1="0" ind2="0">
<subfield code="a">Ubiquitous Net Volatilization of Polycyclic Aromatic Hydrocarbons from Soils and Parameters Influencing Their Soil−Air Partitioning</subfield>
</datafield>
</record></metadata></record></GetRecord></OAI-PMH>